|
|
|
|
| LEADER |
02080nam a2200541 i 4500 |
| 001 |
nkc20172885754 |
| 003 |
CZ PrNK |
| 005 |
20170629161743.0 |
| 007 |
ta |
| 008 |
170315s2017 xr a e c 000 0 cze |
| 020 |
|
|
|a 978-80-87566-31-2
|q (Culture83 ;
|q brožováno)
|
| 040 |
|
|
|a BOA001
|b cze
|d ABA001
|d OLA001
|e rda
|
| 043 |
|
|
|a e-xr---
|
| 045 |
|
|
|a y1y1
|
| 072 |
|
7 |
|a 72/76
|x Výtvarné umění
|2 Konspekt
|9 21
|
| 080 |
|
|
|a 72/76(437.3)
|2 MRF
|
| 080 |
|
|
|a 7.036/.038
|2 MRF
|
| 080 |
|
|
|a (437.3)
|2 MRF
|
| 080 |
|
|
|a (083.824)
|2 MRF
|
| 100 |
1 |
|
|a Láníková, Kristina,
|d 1988-
|7 xx0193644
|4 art
|
| 245 |
1 |
0 |
|a Kristina Láníková :
|b krátké dějiny zraňování : Galerie Sam83, Česká Bříza /
|c text: Denisa Bytelová
|
| 246 |
3 |
0 |
|a Krátké dějiny zraňování
|
| 250 |
|
|
|a Vydání: první
|
| 264 |
|
1 |
|a Česká Bříza :
|b Culture83 :
|b Galerie Sam83,
|c 2017
|
| 300 |
|
|
|a 10 nečíslovaných stran (některé složené) :
|b ilustrace (některé barevné) ;
|c 16 cm
|
| 336 |
|
|
|a text
|b txt
|2 rdacontent
|
| 336 |
|
|
|a statický obraz
|b sti
|2 rdacontent
|
| 337 |
|
|
|a bez média
|b n
|2 rdamedia
|
| 338 |
|
|
|a svazek
|b nc
|2 rdacarrier
|
| 500 |
|
|
|a "Vernisáž 11.2.2017 v 17 hodin, výstava potrvá do 15.4.2017"--Tiráž
|
| 500 |
|
|
|a Název z obálky
|
| 500 |
|
|
|a 60 výtisků
|
| 600 |
1 |
7 |
|a Láníková, Kristina,
|d 1988-
|7 xx0193644
|2 czenas
|
| 648 |
|
7 |
|a 21. století
|7 ch460559
|2 czenas
|
| 648 |
|
4 |
|a 2016-2017
|
| 650 |
0 |
7 |
|a české výtvarné umění
|7 ph116865
|y 21. století
|2 czenas
|
| 650 |
0 |
7 |
|a moderní umění
|7 ph115340
|z Česko
|2 czenas
|
| 650 |
0 |
9 |
|a Czech art
|y 21st century
|2 eczenas
|
| 650 |
0 |
9 |
|a modern art
|z Czechia
|2 eczenas
|
| 655 |
|
7 |
|a katalogy výstav
|7 fd132536
|2 czenas
|
| 655 |
|
9 |
|a exhibition catalogs
|2 eczenas
|
| 700 |
1 |
|
|a Bytelová, Denisa
|7 jx20100609009
|4 aut
|
| 710 |
2 |
|
|a Galerie Sam 83 (Česká Bříza, Česko)
|7 pna2008465066
|4 orm
|
| 910 |
2 |
|
|a BOA001
|b 1-1385.498
|
| 990 |
|
|
|a BK
|
| 995 |
|
|
|a 11
|
| 991 |
|
|
|b 201706
|c NOV
|
| 996 |
6 |
|
|b 2610701904
|c 1-1385.498
|l MZK
|r Sklad / do 1 hodiny
|n 2
|p p.v.
|w 001604953
|u 000010
|a 1
|e BOA001
|j MZK50
|s P
|